000 00324nam a2200145Ia 4500
005 20250603145528.0
008 250603s9999 xx 000 0 und d
050 _aKP 90.N5/
245 0 _aPolice Act with Regulations Capp19
260 _aLagos
260 _bPrinceton
260 _c2013
650 _aLagos
942 _cBK
999 _c42126
_d42126